000 01140nam a2200205Ia 4500
001 12527
003 GE_BSU
008 181216s||||||||xx |||||||||||||| ||und||
040 _cGE_BSU
080 _aპერიოდიკა
245 _aგადასახადები & აღრიცხვა. №21. 2014.
245 _bკანონმდებლობის მიმოხილვა, აღრიცხვა,ოფიციალური მასალები,ექსპერტის კონსულტაცია.
245 _cექსპერტები:გონერ ურიდია,ჯემალ ძაგნიძე, მაია ნასარაია,და სხვ.
260 _aთბილისი
260 _c2014
300 _a54გვ.29სმ.
653 _aგადასახადები & აღრიცხვა
653 _aკანონმდებლობის მიმოხილვა, აღრიცხვა,ოფიციალური მასალები,ექსპერტის კონსულტაცია.
942 _cCR
999 _c45700
_d45700